000 00716nam a2200253Ia 4500
003 OSt
005 20220918211912.0
006 a|||||r|||| 00| 0
007 ta
008 220917b |||||||| |||| 00| 0 eng d
024 _a126,181
037 _cTextual
040 _aARTS
_cARTS
_beng
041 _2eng
_aeng
082 _aW:(R), L5
100 _aCrespigny Anthony de Ed.
_9121690
245 0 _aContemporary political philosophers
260 _aNew York
_bDodd, Mead
_c1975
300 _axvii,296p.
_ccm.
650 _aPOLITICAL SCIENCE
700 _a Minogue Kenneth Ed.
_9121691
942 _hW:(R), L5
_cTEXL
_2CC
999 _c249326
_d249326